000 00287nam a2200109Ia 4500
008 200302s9999 xx 000 0 und d
100 _a Anthony Di Mari and Others
245 _aOperative design a catalogue of spatial verbs
260 _bBIS Publishers
260 _c2017
300 _a150
999 _c7103
_d7103